000 00554cam a2200169 a 4500
005 20250901165413.0
008 100507s2010 vaua b 001 0 eng
010 _a 2010018842
020 _a9781416610489 (pbk. : alk. paper)
020 _a1416610480 (pbk. : alk. paper)
050 0 0 _aLB1590.3 .B76 2010
_b.B745 2010
100 1 _aBrookhart, Susan M.
245 1 0 _aHow to assess higher-order thinking skills in your classroom /
_cSusan M. Brookhart.
260 _aAlexandria, Va. :
_bASCD,
_cc2010.
300 _a159 p. :
_bill. ;
_c23 cm.
942 _2ddc
999 _c3397
_d3397